[Event "POL-chT 66th"]
[Site "Katowice"]
[Date "2010.09.08"]
[Round "5"]
[White "Warakomski, Tomasz"]
[Black "Matlak, Marek"]
[Result "1/2-1/2"]
[WhiteElo "2468"]
[BlackElo "2485"]
[PlyCount "41"]
[EventDate "2010.09.04"]
[EventType "team-tourn"]
[EventRounds "9"]
[EventCountry "POL"]
[SourceTitle "EXT 2016"]
[Source "ChessBase"]
[SourceDate "2015.10.08"]
[SourceVersion "1"]
[SourceVersionDate "2015.10.08"]
[SourceQuality "1"]
[WhiteTeam "Wroclaw"]
[BlackTeam "Dankowice Pasjonat"]
[WhiteTeamCountry "POL"]
[BlackTeamCountry "POL"]

1. e4 e6 2. d4 d5 3. Nd2 Nf6 4. e5 Nfd7 5. c3 c5 6. Bd3 Nc6 7. Ne2 cxd4 8. cxd4 f6 9. exf6 Nxf6 10. Nf3 Bd6 11. 0-0 0-0 12. Bg5 Qb6 13. Nc3 Bd7 14. Rc1 Rae8 15. Bh4 Qxb2 16. Nb5 Bf4 17. Rb1 Qxa2 18. Ra1 Qb2 19. Rb1 Qa2 20. Ra1 Qb2 21. Rb1 1/2-1/2

[Event "POL-chT 64th"]
[Site "Karpacz"]
[Date "2008.09.11"]
[Round "6"]
[White "Matlak, Marek"]
[Black "Lubczynski, Rafal"]
[Result "1/2-1/2"]
[WhiteElo "2480"]
[BlackElo "2414"]
[PlyCount "31"]
[EventDate "2008.09.06"]
[EventType "team-swiss"]
[EventRounds "9"]
[EventCountry "POL"]
[SourceTitle "EXT 2019"]
[Source "ChessBase"]
[SourceDate "2018.10.10"]
[SourceVersion "1"]
[SourceVersionDate "2018.10.10"]
[SourceQuality "1"]
[WhiteTeam "Jaworzno JKSz MCKiS"]
[BlackTeam "Wroclaw Polonia"]
[WhiteTeamCountry "POL"]
[BlackTeamCountry "POL"]

1. d4 Nf6 2. Nf3 e6 3. Bg5 c5 4. c3 Be7 5. e3 b6 6. Nbd2 Bb7 7. Bd3 cxd4 8. cxd4 Nd5 9. Bxe7 Qxe7 10. a3 Nc6 11. 0-0 0-0 12. Qe2 d6 13. Ba6 Rac8 14. Rfc1 Nb8 15. Qd1 Nf6 16. h3 1/2-1/2

[Event "POL-chT 63rd"]
[Site "Ustron"]
[Date "2007.09.02"]
[Round "2"]
[White "Dziuba, Marcin"]
[Black "Matlak, Marek"]
[Result "1/2-1/2"]
[WhiteElo "2536"]
[BlackElo "2485"]
[PlyCount "132"]
[EventDate "2007.09.01"]
[EventType "team-tourn"]
[EventRounds "9"]
[EventCountry "POL"]
[SourceTitle "EXT 2019"]
[Source "ChessBase"]
[SourceDate "2018.10.10"]
[SourceVersion "1"]
[SourceVersionDate "2018.10.10"]
[SourceQuality "1"]
[WhiteTeam "Lublin UMCS"]
[BlackTeam "Jaworzno JKSz MCKiS"]
[WhiteTeamCountry "POL"]
[BlackTeamCountry "POL"]

1. d4 d5 2. c4 c6 3. Nc3 Nf6 4. e3 a6 5. Nf3 e6 6. c5 Nbd7 7. b4 g6 8. Bb2 Bg7 9. h3 0-0 10. Bd3 Re8 11. Na4 b5 12. cxb6 Nxb6 13. Ne5 Bb7 14. Rc1 Qc7 15. Nc5 Rec8 16. 0-0 Nfd7 17. Qe2 Nxc5 18. bxc5 Nd7 19. Nxd7 Qxd7 20. Bc3 a5 21. Rb1 Bf6 22. Rb3 Ra7 23. Rfb1 Bd8 24. a4 Rca8 25. e4 Ba6 26. Bxa6 Rxa6 27. Rb7 Bc7 28. Bd2 R6a7 29. e5 Rxb7 30. Rxb7 Qc8 31. Rb3 Kf8 32. Bg5 Rb8 33. Rxb8 Bxb8 34. Qf3 f5 35. exf6 e5 36. dxe5 Bxe5 37. g4 Kf7 38. Bd2 Qf8 39. Qe3 Bxf6 40. Qf4 Ke6 41. Qe3+ Kf7 42. Bxa5 Qa8 43. Qd2 Qa7 44. Qb4 Ke6 45. Kg2 Qa6 46. Bc7 Qc4 47. Qb8 Qxc5 48. Qc8+ Kf7 49. a5 Qe7 50. Bg3 Qe4+ 51. Kh2 Be5 52. Qd7+ Kf8 53. Qc8+ Kf7 54. Qb7+ Kg8 55. Qxc6 Bxg3+ 56. Kxg3 Qe5+ 57. Kg2 Qe4+ 58. Kg1 Qe1+ 59. Kg2 Qe4+ 60. Kf1 Qb1+ 61. Ke2 Qa2+ 62. Kd3 Qxa5 63. Qc8+ Kf7 64. Qd7+ Kg8 65. Qe8+ Kg7 66. Qe5+ Kf7 1/2-1/2

[Event "POL-chT 63rd"]
[Site "Ustron"]
[Date "2007.09.01"]
[Round "1"]
[White "Matlak, Marek"]
[Black "Adamski, Jan"]
[Result "1/2-1/2"]
[WhiteElo "2485"]
[BlackElo "2354"]
[PlyCount "45"]
[EventDate "2007.09.01"]
[EventType "team-tourn"]
[EventRounds "9"]
[EventCountry "POL"]
[SourceTitle "EXT 2019"]
[Source "ChessBase"]
[SourceDate "2018.10.10"]
[SourceVersion "1"]
[SourceVersionDate "2018.10.10"]
[SourceQuality "1"]
[WhiteTeam "Jaworzno JKSz MCKiS"]
[BlackTeam "Grodzisk Polfa Mazowiecki"]
[WhiteTeamCountry "POL"]
[BlackTeamCountry "POL"]

1. d4 c5 2. d5 e5 3. e4 d6 4. Nc3 Be7 5. Nf3 Bg4 6. Be2 Bxf3 7. Bxf3 Bg5 8. Bxg5 Qxg5 9. 0-0 Nh6 10. Nb5 Qe7 11. a4 0-0 12. c3 g6 13. Re1 Nd7 14. Bg4 a6 15. Bxd7 Qxd7 16. Na3 b5 17. Qe2 Rfb8 18. axb5 axb5 19. Nc2 Ng4 20. b4 Rxa1 21. Rxa1 Rc8 22. f3 Nf6 23. Ra3 1/2-1/2

[Event "POL-chT 62th"]
[Site "Ustron"]
[Date "2006.09.07"]
[Round "6"]
[White "Kempinski, Robert"]
[Black "Matlak, Marek"]
[Result "1/2-1/2"]
[WhiteElo "2567"]
[BlackElo "2477"]
[PlyCount "108"]
[EventDate "2006.09.02"]
[EventType "team-tourn"]
[EventRounds "9"]
[EventCountry "POL"]
[SourceTitle "EXT 2019"]
[Source "ChessBase"]
[SourceDate "2018.10.10"]
[SourceVersion "1"]
[SourceVersionDate "2018.10.10"]
[SourceQuality "1"]
[WhiteTeam "Warszawa Polonia"]
[BlackTeam "Jaworzno JKSz MCKiS"]
[WhiteTeamCountry "POL"]
[BlackTeamCountry "POL"]

1. d4 Nf6 2. Nf3 e6 3. c4 d5 4. Nc3 Nbd7 5. e3 a6 6. c5 c6 7. Bd2 g6 8. Qc2 Bg7 9. e4 Nxe4 10. Nxe4 dxe4 11. Qxe4 0-0 12. Bc3 b6 13. cxb6 Qxb6 14. Bc4 Nf6 15. Qh4 Nd5 16. Bxd5 exd5 17. 0-0 Re8 18. Rfe1 Bf5 19. h3 h6 20. Qf4 Qb7 21. Rac1 Re4 22. Rxe4 Bxe4 23. Nd2 Bf5 24. g4 Bd7 25. Nb3 Re8 26. Nc5 Qc8 27. Qd6 Be6 28. Re1 Bf8 29. Qg3 Bd7 30. Rxe8 Qxe8 31. Nxa6 Qe2 32. Nb8 Be6 33. Nxc6 Qc4 34. Nd8 Qxa2 35. Nxe6 fxe6 36. Qe5 Kf7 37. Qf4+ Kg7 38. h4 Qb1+ 39. Kg2 Qd1 40. h5 g5 41. Qf3 Qb1 42. Qe3 Kf7 43. Qf3+ Kg7 44. Qe2 Kf7 45. Qe1 Qd3 46. Qd2 Qb1 47. b4 Bd6 48. f3 Ke7 49. Bb2 Bf4 50. Qe2 Be3 51. Qxe3 Qxb2+ 52. Kh3 Qxb4 53. f4 gxf4 54. Qxf4 Qc3+ 1/2-1/2

[Event "POL-chT 62th"]
[Site "Ustron"]
[Date "2006.09.06"]
[Round "5"]
[White "Matlak, Marek"]
[Black "Bulski, Krzysztof"]
[Result "1-0"]
[WhiteElo "2477"]
[BlackElo "2409"]
[PlyCount "87"]
[EventDate "2006.09.02"]
[EventType "team-tourn"]
[EventRounds "9"]
[EventCountry "POL"]
[SourceTitle "EXT 2019"]
[Source "ChessBase"]
[SourceDate "2018.10.10"]
[SourceVersion "1"]
[SourceVersionDate "2018.10.10"]
[SourceQuality "1"]
[WhiteTeam "Jaworzno JKSz MCKiS"]
[BlackTeam "Katowice Hetman Szopienice"]
[WhiteTeamCountry "POL"]
[BlackTeamCountry "POL"]

1. d4 d5 2. Nf3 Nf6 3. c4 c6 4. e3 e6 5. Bd3 Nbd7 6. 0-0 Bd6 7. Nc3 0-0 8. e4 dxe4 9. Nxe4 Nxe4 10. Bxe4 h6 11. Bc2 e5 12. c5 Bc7 13. Qd3 f5 14. dxe5 Nxe5 15. Qb3+ Kh8 16. Re1 Qf6 17. Bf4 Be6 18. Bxe5 Bxb3 19. Bxf6 Bxc2 20. Re7 Bxh2+ 21. Kxh2 Rxf6 22. Rxb7 Be4 23. Ne5 f4 24. Rb4 Bh7 25. Re1 Bg8 26. Rxf4 Rxf4 27. Ng6+ Kh7 28. Nxf4 Bxa2 29. Re7 Rb8 30. Nh5 Kg8 31. Rxg7+ Kf8 32. Rxa7 Rxb2 33. Kg3 Bf7 34. Nf6 Kg7 35. Ng4 Kf8 36. Nxh6 Bd5 37. Ng4 Rb5 38. Nf6 Be6 39. f3 Rxc5 40. Nd7+ Bxd7 41. Rxd7 Rg5+ 42. Kf2 Ke8 43. Ra7 Kd8 44. g4 1-0

[Event "CZE-chT 0506"]
[Site "Czech Republic"]
[Date "2005.12.04"]
[Round "6"]
[White "Matlak, Marek"]
[Black "Plachetka, Jan"]
[Result "1-0"]
[WhiteElo "2475"]
[BlackElo "2439"]
[PlyCount "107"]
[EventDate "2005.10.15"]
[EventType "team-tourn"]
[EventRounds "11"]
[EventCountry "CZE"]
[SourceTitle "EXT 2019"]
[Source "ChessBase"]
[SourceDate "2018.10.10"]
[SourceVersion "1"]
[SourceVersionDate "2018.10.10"]
[SourceQuality "1"]
[WhiteTeam "Grygov A64 Valoz"]
[BlackTeam "Praha Mahrla"]
[WhiteTeamCountry "CZE"]
[BlackTeamCountry "CZE"]

1. Nf3 c5 2. c4 Nc6 3. d4 cxd4 4. Nxd4 Nf6 5. Nc3 e6 6. a3 Qb6 7. e3 d5 8. cxd5 exd5 9. Qb3 Qxb3 10. Nxb3 Bf5 11. Nd4 Nxd4 12. exd4 Rc8 13. Bb5+ Bd7 14. Bd3 Bd6 15. Bg5 Be6 16. 0-0 h6 17. Bxf6 gxf6 18. f4 f5 19. Ne2 Bc7 20. Rac1 Ke7 21. Kf2 h5 22. h4 Bb6 23. Rxc8 Rxc8 24. Ke3 Rg8 25. g3 Rc8 26. Rc1 Rxc1 27. Nxc1 f6 28. Be2 Bf7 29. Kd3 Ba5 30. b4 Bc7 31. Kc3 a5 32. Nb3 axb4+ 33. axb4 Bd6 34. Na5 b6 35. Nb3 Bc7 36. Nd2 Bd8 37. Nf1 Bg6 38. Ne3 Kd6 39. Bf3 Bf7 40. Nxf5+ Kc6 41. Be2 Bg6 42. Ng7 Be7 43. Bxh5 Be4 44. Be8+ Kd6 45. h5 Bf8 46. h6 Ke7 47. g4 Bh7 48. Bh5 Be4 49. Kd2 Kd7 50. b5 Bb4+ 51. Ke2 Bd6 52. Ne6 Bh7 53. f5 Be7 54. Bg6 1-0

[Event "POL-chT 61st"]
[Site "Lubniewice"]
[Date "2005.09.10"]
[Round "8"]
[White "Matlak, Marek"]
[Black "Kuzmicz, Krystian"]
[Result "1/2-1/2"]
[WhiteElo "2475"]
[BlackElo "2357"]
[PlyCount "77"]
[EventDate "2005.09.03"]
[EventType "team-tourn"]
[EventRounds "9"]
[EventCountry "POL"]
[SourceTitle "EXT 2019"]
[Source "ChessBase"]
[SourceDate "2018.10.10"]
[SourceVersion "1"]
[SourceVersionDate "2018.10.10"]
[SourceQuality "1"]
[WhiteTeam "Jaworzno JKSz MCKiS"]
[BlackTeam "Rzeszow Zelmer"]
[WhiteTeamCountry "POL"]
[BlackTeamCountry "POL"]

1. Nf3 g6 2. d4 Bg7 3. e4 c5 4. dxc5 Qa5+ 5. c3 Qxc5 6. Na3 d6 7. Nb5 a6 8. Be3 Qc6 9. Na7 Qc7 10. Nxc8 Qxc8 11. Qb3 Nf6 12. e5 dxe5 13. Nxe5 0-0 14. Be2 Nbd7 15. Nxd7 Qxd7 16. 0-0 b5 17. Rfd1 Qc7 18. a4 bxa4 19. Qxa4 e6 20. Bf3 Rab8 21. Rd2 Rfd8 22. Rad1 Rxd2 23. Rxd2 Nd5 24. Bxd5 exd5 25. g3 Qb7 26. Bd4 Qb5 27. Qxb5 Rxb5 28. Bxg7 Kxg7 29. Kf1 Kf6 30. Ke2 Ke5 31. Kd3 Kd6 32. b4 a5 33. bxa5 Rxa5 34. Rb2 Ra4 35. Rb7 Ke6 36. Rb6+ Ke7 37. Rb7+ Ke6 38. Rb6+ Ke7 39. Rb7+ 1/2-1/2

[Event "CZE-chT 0405"]
[Site "Czech Republic"]
[Date "2005.02.19"]
[Round "6.4"]
[White "Chytilek, Roman"]
[Black "Matlak, Marek"]
[Result "1/2-1/2"]
[WhiteElo "2418"]
[BlackElo "2492"]
[PlyCount "26"]
[EventDate "2004.11.??"]
[EventType "team"]
[EventRounds "11"]
[EventCountry "CZE"]
[SourceTitle "EXT 2006"]
[Source "ChessBase"]
[SourceDate "2005.11.24"]
[SourceVersion "1"]
[SourceVersionDate "2005.11.24"]
[SourceQuality "1"]
[WhiteTeam "Zlin"]
[BlackTeam "Opava"]
[WhiteTeamCountry "CZE"]
[BlackTeamCountry "CZE"]

1. e4 e6 2. d4 d5 3. Nd2 Nf6 4. e5 Nfd7 5. c3 c5 6. Bd3 Nc6 7. Ngf3 g6 8. h4 Qb6 9. h5 g5 10. Nxg5 cxd4 11. cxd4 Nxd4 12. Ndf3 Bc5 13. 0-0 h6 1/2-1/2

[Event "CZE-chT 0405"]
[Site "Czech Republic"]
[Date "2005.01.15"]
[Round "5.5"]
[White "Babula, Milan"]
[Black "Matlak, Marek"]
[Result "0-1"]
[WhiteElo "2321"]
[BlackElo "2492"]
[PlyCount "92"]
[EventDate "2004.11.??"]
[EventType "team"]
[EventRounds "11"]
[EventCountry "CZE"]
[SourceTitle "EXT 2006"]
[Source "ChessBase"]
[SourceDate "2005.11.24"]
[SourceVersion "1"]
[SourceVersionDate "2005.11.24"]
[SourceQuality "1"]
[WhiteTeam "Trinec"]
[BlackTeam "Opava"]
[WhiteTeamCountry "CZE"]
[BlackTeamCountry "CZE"]

1. e4 e6 2. d4 d5 3. Nc3 Nc6 4. Nf3 Nf6 5. Bd3 Bb4 6. e5 Ne4 7. Bd2 Nxd2 8. Qxd2 f6 9. a3 Bxc3 10. Qxc3 fxe5 11. Bb5 0-0 12. Bxc6 exd4 13. Nxd4 bxc6 14. Nxc6 Qf6 15. Qxf6 gxf6 16. Ne7+ Kf7 17. Nxc8 Rfxc8 18. 0-0-0 Rg8 19. g3 c5 20. f4 Rad8 21. Rhe1 h5 22. Rd3 Rd7 23. Red1 Kg6 24. Rb3 Kf5 25. Rb5 c4 26. b3 Rc8 27. Kb2 Rdc7 28. bxc4 Rxc4 29. Rd2 R4c6 30. Rb7 R6c7 31. Rxc7 Rxc7 32. Rd4 h4 33. gxh4 Rh7 34. Ra4 Rxh4 35. Rxa7 Rxh2 36. Re7 Rf2 37. a4 Rxf4 38. Kb3 Rf3+ 39. Kb4 Rf1 40. a5 Rb1+ 41. Kc5 Rc1 42. Kd6 Rxc2 43. a6 Ra2 44. a7 d4 45. Rxe6 Rxa7 46. Re1 Ra5 0-1

[Event "CZE-chT 0405"]
[Site "Czech Republic"]
[Date "2004.12.04"]
[Round "3.6"]
[White "Matlak, Marek"]
[Black "Fedorchuk, Sergey A"]
[Result "1/2-1/2"]
[WhiteElo "2492"]
[BlackElo "2569"]
[PlyCount "31"]
[EventDate "2004.11.??"]
[EventType "team"]
[EventRounds "11"]
[EventCountry "CZE"]
[SourceTitle "EXT 2006"]
[Source "ChessBase"]
[SourceDate "2005.11.24"]
[SourceVersion "1"]
[SourceVersionDate "2005.11.24"]
[SourceQuality "1"]
[WhiteTeam "Opava"]
[BlackTeam "Praha Mahrla"]
[WhiteTeamCountry "CZE"]
[BlackTeamCountry "CZE"]

1. d4 Nf6 2. Nf3 e6 3. e3 b6 4. Bd3 Bb7 5. 0-0 c5 6. b3 Be7 7. Bb2 0-0 8. Re1 Nc6 9. a3 d5 10. Nbd2 Rc8 11. Qe2 Rc7 12. Ne5 Qa8 13. f4 a6 14. Rad1 Qa7 15. dxc5 bxc5 16. Ng4 1/2-1/2

[Event "POL-chT 60th 1st League"]
[Site "Ustron"]
[Date "2004.09.11"]
[Round "8"]
[White "Matlak, Marek"]
[Black "Orzech, Dominik"]
[Result "1/2-1/2"]
[WhiteElo "2492"]
[BlackElo "2370"]
[PlyCount "40"]
[EventDate "2004.09.04"]
[EventType "team-tourn"]
[EventRounds "9"]
[EventCountry "POL"]
[SourceTitle "EXT 2007"]
[Source "ChessBase"]
[SourceDate "2006.11.23"]
[SourceVersion "1"]
[SourceVersionDate "2006.11.23"]
[SourceQuality "1"]
[WhiteTeam "Jaworzno JKSz MCKiS"]
[BlackTeam "Kozuchow Odrodzenie"]
[WhiteTeamCountry "POL"]
[BlackTeamCountry "POL"]

1. Nf3 d5 2. c4 c6 3. e3 Nf6 4. Nc3 a6 5. d4 Bg4 6. Qb3 b5 7. cxd5 Bxf3 8. gxf3 Nxd5 9. a4 Nxc3 10. bxc3 Nd7 11. f4 e6 12. Bg2 Rc8 13. axb5 axb5 14. Ra6 Nb8 15. Ra7 Qb6 16. Qa2 Be7 17. 0-0 Rc7 18. Ra8 0-0 19. Bd2 Nd7 20. Ra6 Qb7 1/2-1/2

[Event "POL-chT 60th 1st League"]
[Site "Ustron"]
[Date "2004.09.08"]
[Round "5"]
[White "Matlak, Marek"]
[Black "Helis, Tadeusz"]
[Result "1/2-1/2"]
[WhiteElo "2492"]
[BlackElo "2353"]
[PlyCount "66"]
[EventDate "2004.09.04"]
[EventType "team-tourn"]
[EventRounds "9"]
[EventCountry "POL"]
[SourceTitle "EXT 2007"]
[Source "ChessBase"]
[SourceDate "2006.11.23"]
[SourceVersion "1"]
[SourceVersionDate "2006.11.23"]
[SourceQuality "1"]
[WhiteTeam "Jaworzno JKSz MCKiS"]
[BlackTeam "Raciborz Rzemioslo"]
[WhiteTeamCountry "POL"]
[BlackTeamCountry "POL"]

1. d4 Nf6 2. Nf3 g6 3. c4 Bg7 4. Nc3 0-0 5. e4 d6 6. Be2 e5 7. 0-0 Na6 8. Bg5 h6 9. Bh4 g5 10. dxe5 dxe5 11. Bg3 Nd7 12. a3 c6 13. b4 Nc7 14. Nd2 Ne6 15. Bg4 Qe7 16. Bxe6 Qxe6 17. Qc2 a5 18. Rab1 axb4 19. axb4 Qe7 20. Nd1 Nf6 21. Ne3 Nh5 22. c5 Nf4 23. Ndc4 Be6 24. Ra1 Rxa1 25. Rxa1 h5 26. f3 g4 27. fxg4 hxg4 28. Nd6 Qg5 29. Nef5 Bxf5 30. Nxf5 Ne6 31. Bh4 Qh5 32. Qf2 Nf4 33. Ra7 Rb8 1/2-1/2

[Event "POL-chT 60th 1st League"]
[Site "Ustron"]
[Date "2004.09.04"]
[Round "1"]
[White "Matlak, Marek"]
[Black "Szwed, Jacek"]
[Result "1-0"]
[WhiteElo "2492"]
[BlackElo "2173"]
[PlyCount "61"]
[EventDate "2004.09.04"]
[EventType "team-tourn"]
[EventRounds "9"]
[EventCountry "POL"]
[SourceTitle "EXT 2007"]
[Source "ChessBase"]
[SourceDate "2006.11.23"]
[SourceVersion "1"]
[SourceVersionDate "2006.11.23"]
[SourceQuality "1"]
[WhiteTeam "Jaworzno JKSz MCKiS"]
[BlackTeam "Katowice Start"]
[WhiteTeamCountry "POL"]
[BlackTeamCountry "POL"]

1. Nf3 Nf6 2. c4 g6 3. Nc3 Bg7 4. e4 c5 5. d4 cxd4 6. Nxd4 d6 7. Be2 0-0 8. 0-0 Nc6 9. Be3 Nxd4 10. Bxd4 Be6 11. Qd2 Qa5 12. Rfd1 Rfc8 13. b3 Nd7 14. Nd5 Qd8 15. Bxg7 Kxg7 16. Nf4 a5 17. Qc3+ Kg8 18. Nxe6 fxe6 19. Bg4 Nc5 20. e5 Ra6 21. Qe3 Qc7 22. exd6 Rxd6 23. Rxd6 Qxd6 24. Rd1 Qb6 25. h4 Rc6 26. h5 Rd6 27. Re1 gxh5 28. Bxh5 Nd7 29. Qg5+ Kf8 30. Re3 e5 31. Rg3 1-0

[Event "CZE-chT 0304"]
[Site "Czech Republic"]
[Date "2003.12.06"]
[Round "3"]
[White "Matlak, Marek"]
[Black "Obsivac, Josef"]
[Result "1/2-1/2"]
[WhiteElo "2492"]
[BlackElo "2344"]
[PlyCount "98"]
[EventDate "2003.11.08"]
[EventType "team-tourn"]
[EventRounds "11"]
[EventCountry "CZE"]
[SourceTitle "EXT 2019"]
[Source "ChessBase"]
[SourceDate "2018.10.10"]
[SourceVersion "1"]
[SourceVersionDate "2018.10.10"]
[SourceQuality "1"]
[WhiteTeam "Brno Lokomotiva"]
[BlackTeam "Grygov A64 Valoz"]
[WhiteTeamCountry "CZE"]
[BlackTeamCountry "CZE"]

1. c4 c6 2. Nf3 d5 3. e3 Nf6 4. Nc3 e6 5. d4 Nbd7 6. Bd3 dxc4 7. Bxc4 b5 8. Bd3 Bb7 9. e4 b4 10. Na4 c5 11. e5 Nd5 12. 0-0 g6 13. Nxc5 Nxc5 14. dxc5 Qa5 15. Nd2 Qxc5 16. Ne4 Qb6 17. Bg5 Be7 18. Bxe7 Kxe7 19. Qd2 h6 20. Nd6 g5 21. Be4 Rad8 22. a3 b3 23. Rac1 Kf8 24. Bxd5 Bxd5 25. Qe3 Kg7 26. Qxb6 axb6 27. Rc7 Rhf8 28. f4 g4 29. Rd1 Ra8 30. Kf2 Ra5 31. Kg3 h5 32. Rdc1 Kg6 33. Re7 Rc5 34. Rxc5 bxc5 35. Rc7 Ra8 36. Rxc5 Ra4 37. Nc8 Be4 38. Rb5 Rd4 39. Ne7+ Kg7 40. Rxb3 Rd2 41. Kh4 Rxg2 42. Kxh5 Bf3 43. Kg5 Rxh2 44. f5 Re2 45. Rb8 Rxe5 46. Rg8+ Kh7 47. Rf8 Kg7 48. Rg8+ Kh7 49. Rf8 Kg7 1/2-1/2

[Event "POL-chT 59th"]
[Site "Lubniewice"]
[Date "2003.09.04"]
[Round "6"]
[White "Jaracz, Pawel"]
[Black "Matlak, Marek"]
[Result "1/2-1/2"]
[WhiteElo "2539"]
[BlackElo "2501"]
[PlyCount "79"]
[EventDate "2003.08.30"]
[EventType "team-tourn"]
[EventRounds "9"]
[EventCountry "POL"]
[SourceTitle "EXT 2019"]
[Source "ChessBase"]
[SourceDate "2018.10.10"]
[SourceVersion "1"]
[SourceVersionDate "2018.10.10"]
[SourceQuality "1"]
[WhiteTeam "Lublin UMCS"]
[BlackTeam "Jaworzno JKSz MCKiS"]
[WhiteTeamCountry "POL"]
[BlackTeamCountry "POL"]

1. e4 e6 2. d4 d5 3. Nd2 Nf6 4. e5 Nfd7 5. c3 c5 6. Bd3 Nc6 7. Ne2 Qb6 8. Nf3 cxd4 9. cxd4 f6 10. exf6 Nxf6 11. 0-0 Bd6 12. b3 0-0 13. Bb2 Bd7 14. Nc3 Rae8 15. Na4 Qd8 16. Ne5 Re7 17. Rc1 Qb8 18. Qe2 Nb4 19. Bb1 Bxa4 20. bxa4 Qe8 21. Qb5 Na6 22. Qb3 Nb8 23. Rfe1 Nc6 24. h3 Rc7 25. Qe3 Bxe5 26. dxe5 Nd7 27. Ba3 Rf7 28. Bd6 Rc8 29. Qd3 g6 30. Qb5 Nd4 31. Qb2 Rxc1 32. Rxc1 Nc6 33. Qxb7 Ndxe5 34. Qb5 Nc4 35. Bg3 Qd7 36. Qc5 N6e5 37. h4 Qe7 38. Qb5 Qf6 39. Re1 Kg7 40. Qa6 1/2-1/2

[Event "MOR-chT 0203"]
[Site "Moravia"]
[Date "2003.02.09"]
[Round "7"]
[White "Markovic, Ivan1111"]
[Black "Matlak, Marek"]
[Result "0-1"]
[WhiteElo "2236"]
[BlackElo "2487"]
[PlyCount "104"]
[EventDate "2002.10.??"]
[EventType "team"]
[EventRounds "11"]
[EventCountry "CZE"]
[SourceTitle "EXT 2006"]
[Source "ChessBase"]
[SourceDate "2005.11.24"]
[SourceVersion "1"]
[SourceVersionDate "2005.11.24"]
[SourceQuality "1"]

1. e4 e6 2. d3 d5 3. Qe2 Nf6 4. Nf3 Be7 5. g3 c5 6. Bg2 Nc6 7. e5 Nd7 8. 0-0 b5 9. c3 a5 10. Re1 Ba6 11. Nbd2 a4 12. a3 Nb6 13. h4 h6 14. Nh2 Kd7 15. h5 Qg8 16. Ndf3 Qh7 17. Bh3 b4 18. Rd1 bxc3 19. bxc3 c4 20. d4 Na5 21. Bf4 Rab8 22. Ng4 Nb3 23. Ra2 Na8 24. Ne1 Nc7 25. Nc2 Kc6 26. Bg2 Bb5 27. Nge3 Kb6 28. Nb4 Rbd8 29. Qc2 g5 30. hxg6 fxg6 31. Ng4 g5 32. Qxh7 Rxh7 33. Bc1 Be8 34. Re2 Bh5 35. f3 Bxg4 36. fxg4 Rf7 37. Nc2 Nxc1 38. Rxc1 Nb5 39. Nb4 Bxb4 40. axb4 Rdf8 41. Ra2 a3 42. Bh1 Rf3 43. Bxf3 Rxf3 44. Kg2 Rd3 45. Kh3 Rxc3 46. Rxc3 Nxc3 47. Rxa3 Nb5 48. Ra1 Nxd4 49. Kg2 c3 50. Kf2 Nb3 51. Ra2 d4 52. Rc2 Kb5 0-1

[Event "CZE-chT 0203"]
[Site "Czech Republic"]
[Date "2002.11.30"]
[Round "3"]
[White "Matlak, Marek"]
[Black "Stratil, Ladislav Jr"]
[Result "1-0"]
[WhiteElo "2487"]
[BlackElo "2356"]
[PlyCount "97"]
[EventDate "2002.10.01"]
[EventType "team"]
[EventRounds "11"]
[EventCountry "CZE"]
[SourceTitle "EXT 2004"]
[Source "ChessBase"]
[SourceDate "2003.11.25"]
[SourceVersion "1"]
[SourceVersionDate "2003.11.25"]
[SourceQuality "1"]
[WhiteTeam "Opava"]
[BlackTeam "Litovel"]
[WhiteTeamCountry "CZE"]
[BlackTeamCountry "CZE"]

1. d4 d6 2. Nf3 g6 3. c4 Bg7 4. e4 Nd7 5. Be2 c5 6. Nc3 b6 7. 0-0 Bb7 8. d5 a6 9. a4 Ngf6 10. h3 0-0 11. Bf4 Ne8 12. Qd2 Ne5 13. Nh2 Bc8 14. Be3 f5 15. f4 Nf7 16. Nf3 Nf6 17. exf5 gxf5 18. Rab1 Bd7 19. b3 Rb8 20. Bf2 b5 21. axb5 axb5 22. cxb5 Ne4 23. Nxe4 fxe4 24. Nh2 Nh6 25. b4 Nf5 26. bxc5 dxc5 27. Bxc5 Rc8 28. Bf2 Bc3 29. Qa2 Nd4 30. Bxd4 Bxd4+ 31. Kh1 Kh8 32. Ng4 Bf5 33. Rbd1 Bg7 34. Ne5 Qd6 35. Qb2 e3 36. Qd4 Qa3 37. Bd3 Bxd3 38. Rxd3 e2 39. Re1 Qc1 40. Qf2 Qxf4 41. Qxf4 Rxf4 42. Rxe2 Rc1+ 43. Kh2 Rb4 44. Nc6 Rxb5 45. Nxe7 Rc7 46. Nf5 h5 47. d6 Rd7 48. Re8+ Kh7 49. Re7 1-0

[Event "POL-chT 58th"]
[Site "Lubniewice"]
[Date "2002.09.04"]
[Round "5"]
[White "Acs, Peter"]
[Black "Matlak, Marek"]
[Result "1-0"]
[WhiteElo "2560"]
[BlackElo "2487"]
[PlyCount "55"]
[EventDate "2002.08.31"]
[EventType "team-tourn"]
[EventRounds "9"]
[EventCountry "POL"]
[SourceTitle "EXT 2019"]
[Source "ChessBase"]
[SourceDate "2018.10.10"]
[SourceVersion "1"]
[SourceVersionDate "2018.10.10"]
[SourceQuality "1"]
[WhiteTeam "Grodzisk Polfa Mazowiecki"]
[BlackTeam "Gorzow Wielkopolski Stilon"]
[WhiteTeamCountry "POL"]
[BlackTeamCountry "POL"]

1. e4 e6 2. d4 d5 3. Nc3 Bb4 4. e5 c5 5. a3 Bxc3+ 6. bxc3 Qc7 7. Qg4 f5 8. Qg3 cxd4 9. cxd4 Ne7 10. Bd2 0-0 11. Bd3 b6 12. Ne2 Ba6 13. Nf4 Qd7 14. Bxa6 Nxa6 15. h4 Rf7 16. h5 Rc8 17. h6 g6 18. c3 Kh8 19. Nh3 Nb8 20. Bg5 Ng8 21. Nf4 Nc6 22. 0-0 Rff8 23. Rfe1 Qf7 24. Re3 Na5 25. Bf6+ Nxf6 26. exf6 Nb3 27. Rxe6 g5 28. Rae1 1-0

[Event "POL-chT 58th"]
[Site "Lubniewice"]
[Date "2002.09.03"]
[Round "4"]
[White "Matlak, Marek"]
[Black "Koziak, Vitali"]
[Result "1/2-1/2"]
[WhiteElo "2487"]
[BlackElo "2461"]
[PlyCount "61"]
[EventDate "2002.08.31"]
[EventType "team-tourn"]
[EventRounds "9"]
[EventCountry "POL"]
[SourceTitle "EXT 2019"]
[Source "ChessBase"]
[SourceDate "2018.10.10"]
[SourceVersion "1"]
[SourceVersionDate "2018.10.10"]
[SourceQuality "1"]
[WhiteTeam "Gorzow Wielkopolski Stilon"]
[BlackTeam "Rzeszow Zelmer"]
[WhiteTeamCountry "POL"]
[BlackTeamCountry "POL"]

1. d4 Nf6 2. Nf3 d5 3. c4 c6 4. e3 Bg4 5. h3 Bxf3 6. Qxf3 g6 7. Nc3 Bg7 8. Bd3 0-0 9. 0-0 dxc4 10. Bxc4 Nbd7 11. Rd1 e5 12. dxe5 Nxe5 13. Qe2 Qe7 14. Bb3 b5 15. Bd2 a5 16. a3 Nfd7 17. Ne4 Nc4 18. Bxc4 Qxe4 19. Bd3 Qe6 20. Rab1 Rfd8 21. Qe1 Nc5 22. Be2 Na4 23. b3 Nb2 24. Rdc1 a4 25. Bc3 Nd3 26. Bxd3 Rxd3 27. Bxg7 Kxg7 28. Rc3 Qe4 29. Rd1 Rxd1 30. Qxd1 axb3 31. Qxb3 1/2-1/2